000 00390 a2200145 4500
001 168216
020 _a
040 _cMagnum
100 _aAlsop, Pippa (Org)
240 1 0 _aTranstornos emocionais na escola: alternativas teoricas e praticas
_lpor
245 1 0 _aTranstornos emocionais na escola: alternativas teoricas e praticas
362 0 _a1899
697 _aPSICOLOGIA
942 _cBK
999 _c168216
_d168216